000 01105nam a2200301 i 4500
003 OSt
005 20260216173843.0
008 260210s2025 my ao gr 000 p eng d
020 _a9789671914618
_qpaperback
_cRM35.00
040 _aPPAK
_beng
_cPPAK
_erda
082 0 4 _a821.92
_223
090 0 0 _a821.92
_bMAZ
_dG
100 0 _aMaziah Ahmad Mahidin,
_cTo' Puan Dr.,
_eauthor.
245 1 0 _aPOEMS OF Healing /
_cBY TWO SURGEONS MAZIAH AHMAD MAHIDIN, AHMAD ZUBAIDI ABDUL LATIF ; Editor & Designer: Azlan Andi, Dayang Nor Anum
264 1 _aPetaling Jaya, Selangor :
_bHNZM PLT,
_c[2025?]
300 _av, 132 pages :
_billustrations , photographs ;
_c18 cm
336 _atext
_2rdacontent
336 _astill image
_2rdacontent
337 _aunmediated
_2rdamedia
338 _avolume
_2rdacarrier
500 _aContains verses from the Qur'an and Hadith.
650 1 0 _aEnglish poetry.
650 2 0 _aPoetry.
700 0 _aAhmad Zubaidi Abdul Latif,
_cProf. Dato' Dr.,
_eauthor.
700 0 _aAzlan Andi,
_eeditor.
700 0 _aDayang Nor Anum,
_eeditor.
942 _2ddc
_cB
999 _c203014
_d203014